| 000 | 00413ntaaa2200169 4500 | ||
|---|---|---|---|
| 003 | 01 | ||
| 005 | 20251027202332.0 | ||
| 008 | 0714s1973 ag 01 | ||
| 040 |
_aAR-BaBN _bspa _cAR-BaBN _eaacr _dRIC |
||
| 082 | _a292.3400 Ye4 | ||
| 100 |
_aYerkes, Royden Keith _921960 |
||
| 245 | _aSacrifice | ||
| 250 | _a1 ed. | ||
| 260 |
_aLondon : _bAdam and Charles Black, _c1952, 1953 |
||
| 300 | _axix, 267 p | ||
| 942 | _cBK | ||
| 999 |
_c18187 _d18187 |
||